| 000 | 00906cam a22002775a 4500 | ||
|---|---|---|---|
| 001 | 016604639 | ||
| 003 | OSt | ||
| 005 | 20170214111416.0 | ||
| 008 | 141208t2014 enka frb 001 0 eng d | ||
| 020 | _a9781292040776 | ||
| 020 | _a1292040777 | ||
| 040 |
_aStDuBDS _beng _cStDuBDS _dEG-ScBUE |
||
| 082 | 0 | 4 |
_222 _a612.82 _bELI |
| 100 | 1 |
_aElias, Lorin J., _d1972- |
|
| 245 | 1 | 0 |
_aNeuropsychology : _bclinical and experimental foundations / _cLorin Elias, Deborah Saucier. |
| 250 | _a1st ed., Pearson new international ed. | ||
| 260 |
_aHarlow : _bPearson Education, _cc.2014. |
||
| 300 |
_aii, 490 p. : _bill. ; _c28 cm. |
||
| 490 | 0 | _aPearson custom library | |
| 504 | _aIncludes bibliographical references and index. | ||
| 650 | 7 |
_aNeuropsychology. _2BUEsh _934850 |
|
| 651 | _2BUEsh | ||
| 653 |
_bHHUUPPSS _cFebruary2017 |
||
| 700 | 1 |
_aSaucier, Deborah M. _q(Deborah Michelle), _d1966- |
|
| 942 | _2ddc | ||
| 999 |
_c24147 _d24119 |
||